000 03132nam a2200709 i 4500
003 HR-ZaFER
005 20161220085336.0
008 941122s1994 ci 001 0 hrv
020 _a9536257017
040 _aHR-ZaNSK
_bhrv
_cHR-ZaNSK
_eppiak
_dHR-ZaFER
041 _ahrv
042 _acroatica
044 _aci
_chr
080 _a261.6(082)
080 _a22.06(082)
080 _a130.2:215](082)
245 _aSynthesis theologica :
_bzbornik u čast p. Rudolfa Brajičića SJ prigodom 75. obljetnice života /
_curedio Marijan Steiner.
260 _aZagreb :
_bFilozofsko-teološki institut Družbe Isusove,
_c1994.
_e([s. l. :
_fs. n.])
300 _aXXXII, 726 str. ;
_c24 cm.
500 _aZastupljeni autori: Marijan Steiner, Ivan Dugandžić, Ivan Golub, Vladimir Merćep, Mirko Nikolić, Pero Vidović, Mato Zovkić, Nedjeljko Ante Ančić, Frane Franić, Stjepan Kušar, Mijo Nikić, Zvonko Pažin, Alfred Schneider, Ante Stantić, Celestin Tomić, Josip Baloban, Stjepan Baloban, Živan Bezić, Stanislav Kos, Marko Matić, Božidar Nagy, Miljenko Belić, Ivan Devčić, Ivan Koprek, Hrvoje Lasić, Ivan Macan, Anka Petričević, Ivica Martinović, Valentin Pozaić, Drago Šimundža, Josip Antolović, Predrag Belić, Ivan Fuček, Jakov Jukić, Mijo Korade, Slavko Kovačić, Ante Kusić, Ivan Sović
504 _aBibliografija radova R. Brajičića: str. XXI-XXXII ; bibliografske bilješke uz tekst
700 1 _aSteiner, Marijan
_4edt
_4aut
_938124
700 1 _aDugandžić, Ivan,
_csvećenik
_938125
700 1 _aGolub, Ivan
_938126
700 1 _aMerćep, Vladimir
_938127
700 1 _aNikolić, Vinko,
_cknjiževnik
_938128
700 1 _aVidović, Pero
_938129
700 1 _aZovkić, Mato
_938130
700 1 _aAnčić, Nediljko Ante
_938131
700 1 _aFranić, Frane
_938132
700 1 _aKušar, Stjepan
_938133
700 1 _aNikić, Mijo
_938134
700 1 _aPažin, Zvonko
_938135
700 1 _aSchneider, Alfred
_938136
700 1 _aStantić, Ante
_938137
700 1 _aTomić, Celestin
_938138
700 1 _aBaloban, Josip
_938139
700 1 _aBaloban, Stjepan
_938140
700 1 _aBezić, Živan
_938141
700 1 _aKos, Stanislav,
_csvećenik
_938142
700 1 _aMatić, Marko,
_csvećenik
_938143
700 1 _aNagy, Božidar
_938144
700 1 _aBelić, Miljenko
_938145
700 1 _aDevčić, Ivan,
_cteolog
_938146
700 1 _aKoprek, Ivan,
_csvećenik
_938147
700 1 _aLasić, Hrvoje
_938148
700 1 _aMacan, Ivan
_938149
700 _aMarija od Presvetog Srca,
_credovnica,
_d1930-
_938150
700 1 _aMartinović, Ivica
_931260
700 1 _aPozaić, Valentin
_936091
700 1 _aŠimundža, Drago
_938151
700 1 _aAntolović, Josip,
_csvećenik
_938152
700 1 _aBelić, Predrag
_938153
700 1 _aFuček, Ivan,
_cteolog
_938154
700 1 _aMardešić, Željko
_938155
700 1 _aKorade, Mijo
_938156
700 1 _aKovačić, Slavko,
_ccrkveni povjesničar
_938157
700 1 _aKusić, Ante
_938158
700 1 _aSović, Ivan,
_cpedagog
_938159
942 _2udc
_cK
999 _c47137
_d47137